000
00245nam a2200085Ia 4500
008
120527s9999 xx 000 0 und d
100
_a
ANIMALU, O.E.A.et al
245
_a
The world summit on sustainable development at Johannesburg 2002
942
_c
BK
999
_c
25333
_d
25333